Plantilla Atlético de Madrid Champions League 2024/2025 - Estadísticas

Estadísticas generales
  • Esta prueba ha sido intentada 167 veces
  • La puntuación promedio es 21 de 25
Estadísticas de respuestas
Imagen Respuesta % Correcto
Jan Oblak
100%
César Azpilicueta
98%
Clément Lenglet
97%
Jose María Giménez
97%
Koke
95%
Marcos Llorente
95%
Nahuel Molina
95%
Robin Le Normand
95%
Rodrigo De Paul
95%
Alex Witsel
94%
Antoine Griezmann
94%
Julián Álvarez
94%
Alexander Sørloth
92%
Ángel Correa
92%
Conor Gallagher
92%
Giuliano Simeone
92%
Reinildo
90%
Thomas Lemar
90%
Pablo Barrios
89%
Javi Galán
88%
Samuel Lino
85%
Rodrigo Riquelme
81%
Juan Musso
78%
Géronimo Spina
12%
Alejandro Monserrate
7%
No se encontraron pruebas coincidentes
Distribución de puntuación
Porcentaje de gente con cada puntuación
Porcentaje por número respondido
Historial de tus puntuaciones
No has intentado esta prueba.